000 00285nam a2200109Ia 4500
008 200302s9999 xx 000 0 und d
100 _aShenjian Hu and Others
245 _aInterior details cad construction atlas Vol - II
260 _bEncyclopedia SAL
260 _c2017
300 _a285
999 _c7322
_d7322